000
00212 a2200097 4500
001
26415
100
_a
Knigat E.F
245
_a
Where three empies meet
260
_a
_b
Indus publication
_c
090
_c
17752
_d
17752
942
_a
NUST-CAE
_c
M
_c
8616
999
_c
261488
_d
261488